000 01051nam a2200313 a 4500
001 86206
003 BD-RjUL
005 20260224120044.0
008 260224t2022 cc a b 001 0 eng
020 _a9789355420831
035 _a(BD-RjUL)86206
040 _aDLC
_beng
_erda
_cDLC
_dBD-RjUL
041 _aeng
042 _apcc
082 0 4 _223
_a005.133
_bRAF 2022
100 1 _aRamalho, Luciano,
_eauthor.
_917784
245 1 0 _aFluent Python :
_bclear, concise, and effective programming /
_cLuciano Ramalho.
250 _aSecond edition.
264 1 _aBeijing [China] ;
_aMumbai;
_aBoston [MA] :
_bO'Reilly,
_c2022.
300 _axxviii, 979 pages :
_billustrations ;
_c23 cm
336 _atext
_btxt
_2rdacontent
337 _aunmediated
_bn
_2rdamedia
338 _avolume
_bnc
_2rdacarrier
500 _a"2nd edition covers Python 3.10"--Cover.
504 _aIncludes bibliographical references and index.
650 0 _aPython (Computer program language)
_94152
650 0 _aObject-oriented programming languages.
_917785
942 _2ddc
_cBK
999 _c86206
_d86206